Mariano Marcos State University

University Library System

Ocean animals and their ecosystems : (Record no. 28955)

MARC details
000 -LEADER
fixed length control field 00701nam a22002057a 4500
003 - CONTROL NUMBER IDENTIFIER
control field OSt
005 - DATE AND TIME OF LATEST TRANSACTION
control field 20260304110605.0
008 - FIXED-LENGTH DATA ELEMENTS--GENERAL INFORMATION
fixed length control field 260304b |||||||| |||| 00| 0 eng d
020 ## - INTERNATIONAL STANDARD BOOK NUMBER
International Standard Book Number 9781646116409 Pbk. Bp.
040 ## - CATALOGING SOURCE
Original cataloging agency MMSU
Transcribing agency ULS
050 ## - LIBRARY OF CONGRESS CALL NUMBER
Classification number QH 541.5.S3 C65 2020 REF CASAT
100 ## - MAIN ENTRY--PERSONAL NAME
Personal name Colon, Erica
245 ## - TITLE STATEMENT
Title Ocean animals and their ecosystems :
Remainder of title a nature reference book for kids /
Statement of responsibility, etc. Erica Colon.
260 ## - PUBLICATION, DISTRIBUTION, ETC.
Place of publication, distribution, etc. California :
Name of publisher, distributor, etc. Rockridge Press,
Date of publication, distribution, etc. 2020.
300 ## - PHYSICAL DESCRIPTION
Extent xi, 169 pages :
Other physical details color illustrations ;
Dimensions 24 cm.
504 ## - BIBLIOGRAPHY, ETC. NOTE
Bibliography, etc. note Includes bibliographical references and idnex.
650 ## - SUBJECT ADDED ENTRY--TOPICAL TERM
Topical term or geographic name entry element Marine ecology--Juvenile literature.
650 ## - SUBJECT ADDED ENTRY--TOPICAL TERM
Topical term or geographic name entry element Ocean--Juvenile literature.
942 ## - ADDED ENTRY ELEMENTS (KOHA)
Source of classification or shelving scheme
Koha item type Books
Holdings
Withdrawn status Lost status Source of classification or shelving scheme Damaged status Not for loan Home library Current library Shelving location Date acquired Inventory number Full call number Barcode Date last seen Price effective from Koha item type
          MMSU College of Aquatic Sciences and Applied Technology MMSU College of Aquatic Sciences and Applied Technology Reference Collection 03/04/2026 25-0546 QH 541.5.S3 C65 2020 REF CASAT 41626 03/04/2026 03/04/2026 Books

© 2023 Mariano Marcos State University. All Rights Reserved.

Powered by Koha